Fostering civic health: An analysis of the generative and mediating activities of community-based organizations (Record no. 512849)

000 -LEADER
fixed length control field 02092nam a2200181 4500
008 - FIXED-LENGTH DATA ELEMENTS--GENERAL INFORMATION
fixed length control field 191223b ||||| |||| 00| 0 eng d
100 ## - MAIN ENTRY--PERSONAL NAME
Personal name Fernandez, Kandyce
245 ## - TITLE STATEMENT
Title Fostering civic health: An analysis of the generative and mediating activities of community-based organizations
260 ## - PUBLICATION, DISTRIBUTION, ETC. (IMPRINT)
Name of publisher, distributor, etc American Review of Public Administration
300 ## - PHYSICAL DESCRIPTION
Extent 49(7), Oct. 2019: p.762-776.
520 ## - SUMMARY, ETC.
Summary, etc Civic engagement in U.S. political life has declined since the 1950s resulting in a deluge of studies that explore its causes and implications. Research to date has directed little attention to the institutional role of associations as the foundation for civic engagement in all of its forms. This article utilizes institutional theory as a lens to examine the ways in which community-based organizations (CBOs), in tandem with local government, foster civic engagement, and enhance representation in their communities. Through interview data obtained from stakeholders of 18 local education foundations (LEFs) in Florida, we examine the ways in which CBOs nurture civic health with client communities (generative role) and represent their interests in local policy arenas (mediating role). Based on the results of this initial study, we argue that greater attention should be directed to the relationships between CBOs and measures of civic health given their unique capacity to foster it. Results indicate the relationship between generative and mediating activities is such that CBOs’ engagement with client communities establishes the foundational knowledge necessary for representing their interests in the interorganizational arena. In addition, CBOs were found to establish both bridging and bonding capital in the interorganizational arena through their efforts to exert influence on behalf of client communities. - Reproduced.

650 ## - SUBJECT ADDED ENTRY--TOPICAL TERM
Topical term or geographic name as entry element Public administration
9 (RLIN) 14789
700 ## - ADDED ENTRY--PERSONAL NAME
Personal name Robichau, Robbie
9 (RLIN) 14790
700 ## - ADDED ENTRY--PERSONAL NAME
Personal name Alexander, Jennifer
9 (RLIN) 14791
773 ## - HOST ITEM ENTRY
Main entry heading American Review of Public Administration
906 ## - LOCAL DATA ELEMENT F, LDF (RLIN)
Subject DIP Political participation
942 ## - ADDED ENTRY ELEMENTS (KOHA)
Source of classification or shelving scheme
Item type Articles
Holdings
Withdrawn status Lost status Source of classification or shelving scheme Damaged status Not for loan Permanent location Current location Date acquired Serial Enumeration / chronology Barcode Date last seen Koha item type
          Indian Institute of Public Administration Indian Institute of Public Administration 2019-12-23 49(7), Oct. 2019: p.762-776. AR122179 2019-12-23 Articles

Powered by Koha